<?xml version="1.0" encoding="UTF-8"?>
<collection xmlns="http://www.loc.gov/MARC21/slim">
  <record>
    <leader>00000nam  2200000   4500</leader>
    <controlfield tag="001">INLIS000000000019182</controlfield>
    <controlfield tag="005">20250210103106</controlfield>
    <datafield tag="035" ind1="#" ind2="#">
      <subfield code="a">0010-0225000139</subfield>
    </datafield>
    <controlfield tag="007">ta</controlfield>
    <controlfield tag="008">250210################g##########0#ind##</controlfield>
    <datafield tag="082" ind1="#" ind2="#">
      <subfield code="a">690</subfield>
    </datafield>
    <datafield tag="084" ind1="#" ind2="#">
      <subfield code="a">690 ZAI m</subfield>
    </datafield>
    <datafield tag="100" ind1=" " ind2="#">
      <subfield code="a">Zainal A.Z</subfield>
    </datafield>
    <datafield tag="245" ind1="1" ind2="#">
      <subfield code="a">Membangun Rumah :</subfield>
      <subfield code="b">Rencana dan Bahan-Bahan yang Dipakai /</subfield>
      <subfield code="c">Zainal A.Z</subfield>
    </datafield>
    <datafield tag="250" ind1="#" ind2="#">
      <subfield code="a">Cetakan ke 7</subfield>
    </datafield>
    <datafield tag="260" ind1="#" ind2="#">
      <subfield code="a">Jakarta :</subfield>
      <subfield code="b">Gramedia Pustaka Utama,</subfield>
      <subfield code="c">2004</subfield>
    </datafield>
    <datafield tag="300" ind1="#" ind2="#">
      <subfield code="a">xiii, 131 halaman :</subfield>
      <subfield code="b">ilus ;</subfield>
      <subfield code="c">30 cm</subfield>
    </datafield>
    <datafield tag="650" ind1="#" ind2="4">
      <subfield code="a">Perumahan</subfield>
    </datafield>
    <datafield tag="520" ind1="#" ind2="#">
      <subfield code="a">Kepadatan penduduk Indonesia mengakibatkan rumah kediaman semakin diperlukan. Padahal membangun rumah merupakan masalah yang tidak mudah terutama bagi penduduk di kota-kota, yang berpenghasilan rendah, sedang atau menengah. Kesulitan selalu timbul dalam pemilihan model dan bentuk rumah, bahan-bahan bangunan yang digunakan, kepastian adanya bahan dan jumlah bahan-bahan itu dan tersedianya anggaran. Faktor-faktor ini menyebabkan proses perencanaan membangun rumah terhambat dan menimbulkan kegelisahan yang merisaukan sebagian terbesar anggota masyarakat terutama di kota-kota. Rumah pribadi hanyalah impian yang sukar terjangkau oleh dayabeli masyarakat. &#13;
Buku ini disusun oleh pengarang yang sadar akan kenyataan yang mencekam itu. Karangan ini di olah dari pengalaman pengarang sendiri yang bertahun-tahun lamanya bekerja dalam bidang perencanaan membangun rumah yang murah, mudah dikerjakan, cepat penyelesaiannya, kuat dan memenuhi syarat-syarat higienis. Selain disajikan aneka ragam model dan bentuk rumah, isinya dilengkapi pula dengan daftar bahan-bahan yang digunakan serta jumlah bahan yang telah dipastikan. Informasi semacam ini sangat diperlukan untuk menentukan besarnya biaya, sehingga terhindar dari pemborosan.</subfield>
    </datafield>
    <datafield tag="020" ind1="#" ind2="#">
      <subfield code="a">978 979 686 049 X</subfield>
    </datafield>
    <datafield tag="990" ind1="#" ind2="#">
      <subfield code="a">0509224</subfield>
    </datafield>
    <datafield tag="990" ind1="#" ind2="#">
      <subfield code="a">0509225</subfield>
    </datafield>
    <datafield tag="990" ind1="#" ind2="#">
      <subfield code="a">0509226</subfield>
    </datafield>
  </record>
</collection>
